000 00558cam a2200205ua 4500
005 20221012111908.0
008 200211n ii |||gr||||Z||||||eng
020 _a9789382267034
040 _cMAIN
_aIN-DiNC
041 _deng
082 _a822.33
_bSHA
100 _aShakespeare, William
_eauthor
245 _aTwelfth night:
_cby William Shakespeare
_b or what you will/
260 _aDelhi:
_bWorldview,
_c2016.
300 _a249p.
650 _aEnglish drama
653 _aEnglish drama
700 _aRaghunathan, Harriet
_eEditor
942 _cBK
_2ddc
999 _c10832
_d10832